| 000 | 01442nam a22003857a 4500 | ||
|---|---|---|---|
| 003 | CHAP | ||
| 005 | 20220329133024.0 | ||
| 008 | 971013s1991 r 00010 d | ||
| 010 | _a1375 | ||
| 011 | _a2347 | ||
| 035 | _a1540 | ||
| 040 | _cCHAP | ||
| 090 | _aTesis | ||
| 100 | 0 | 0 |
_aRevelo Morán, Jorge Aníbal. _996694 |
| 245 | _aInfluencia de Pratylenchus pretensis en el desarrollo de la producción de la raíz del maíz causada por rusarium moviliforme var. subglutinans; su dinámica poblacional y respuesta de cinco híbridos | ||
| 260 |
_aMontecillo, Méx. : _bEl autor, _c1991 |
||
| 300 | _a88 h. | ||
| 502 | _aTesis (M. C. Esp. en Fitopatología) -- C.P. Centro de Fitopatología91-145 | ||
| 590 |
_aALEPH _b10 _c20130110 _lUCH01 _h1208 |
||
| 590 |
_aBATCH-UPD _b10 _c20130109 _lUCH01 _h2334 |
||
| 590 |
_aBATCH-UPD _b10 _c20130110 _lUCH01 _h0300 |
||
| 590 |
_aBATCH-UPD _b10 _c20130110 _lUCH01 _h1721 |
||
| 590 |
_aBATCH-UPD _b10 _c20130409 _lUCH01 _h1901 |
||
| 590 |
_aBATCH-UPD _b10 _c20130409 _lUCH01 _h2331 |
||
| 590 |
_aBATCH-UPD _b10 _c20130914 _lUCH01 _h1452 |
||
| 590 |
_aCONVERSION _b10 _c20130109 _lUCH01 _h1302 |
||
| 650 | 1 | 4 |
_aFusarium moniliforme. _944091 |
| 650 | 1 | 4 |
_aMaíz _xEnfermedades. _970939 |
| 650 | 1 | 4 |
_aMaíz _xHíbridos. _970974 |
| 650 | 1 | 4 |
_aPratylenchus prateusis. _991323 |
| 650 | 1 | 4 |
_aPudrición de la raíz _xMaíz. _992853 |
| 901 | _aBK | ||
| 942 | _cTESIS | ||
| 949 |
_bBC _cTES _d-11027 _eTS1 _h23857 _i1540 _si |
||
| 999 |
_c1375 _d1375 |
||